000
00215nam a22000857a 4500
008
160811b xxu||||| |||| 00| 0 eng d
100
_9
116
_a
Egmont
245
_a
Tintin in Tibet
260
_a
USA
_b
MacMillan publication
_c
2009
999
_c
2770
_d
2770